Modern family trivia - Statistics

General Stats
  • This quiz has been taken 885 times
  • The average score is 4 of 12
Answer Stats
Question Answer % Correct
How many relatives does Manny have a thing for? 2
93%
How old was Haley when she gave birth to her twins? 26
66%
How many foreign countries did the family visit? 3
58%
What was the first word said in the first episode? Kids
42%
What were the names of Haley and Dylan's twins? George and Poppy
30%
A character from which series is Cam and Mitchell's daughter named after? Sex and the city
18%
What does Gloria call Cam and Mitchell's child after finding out she would gain custody if something happened to them? Lilliana
14%
What is Dylan's last name? Marshall
14%
Whose middle name changed from 'Kennedy' to 'Francis'? Jay Pritchett
10%
What is Luke's full name? Lucas Phillip Dunphy
10%
The name of Sal's son? Sammy
5%
What did Gloria's mum want to name Joe? Fuljencio Umberto
2%
No matching quizzes found
Score Distribution
Percent of People with Each Score
Percentile by Number Answered
Your Score History
You have not taken this quiz